| 000 | 01570ngm a2200277 a 4500 | ||
|---|---|---|---|
| 005 | 20220317001841.0 | ||
| 008 | 170410s2014 c g 000 0 s | ||
| 041 | _aspa | ||
| 082 | 0 | 4 |
_a611.8 _bD37c |
| 110 | 2 |
_aDiscovery Communications _977918 |
|
| 245 | 1 | 0 |
_aCuerpo humano al límite _bsensibilidad = Human body pushing the limits sensation _cDiscovery Communications _hvideodisco digital |
| 250 | _a1a. edición | ||
| 300 |
_a1 DVD (43 minutos) _bsonido, color, digital _c12 cm |
||
| 490 | _aDiscovery en la escuela | ||
| 520 | _aMuy cerca de la superficie de la piel se encuentran las antenas que nos permiten percibir el mundo que nos rodea. Esta capa vital es la puerta de entrada a la súper carretera de la información: el sistema nervioso. Millones de nervios transportan nuestras sensaciones hasta el cerebro y alrededor del cuerpo a más de 320 kilómetros por hora. Pero nuestro sistema nervioso también lleva a cabo labores desconocidas por la mayoría de las personas. Esta es la historia de la red de telecomunicaciones más importante del mundo: la del cuerpo humano, vista a través de increíbles sucesos | ||
| 534 | _tHuman body pushing the limits: sensation | ||
| 650 | 1 | 4 |
_2LEMB _aCuerpo humano _vVideodiscos |
| 650 | 1 | 4 |
_2LEMB _aFisiología humana _vVideodiscos |
| 650 | 1 | 4 |
_2LEMB _aSistema nervioso _vVideodiscos |
| 942 |
_2ddc _cDVD |
||
| 264 |
_aBogotá _bMS Tv & Videos _c2014 |
||
| 336 |
_atexto _btxt _2rdacontent |
||
| 337 |
_asin mediación _bn _2rdamedia |
||
| 338 |
_avolumen _bnc _2rdacarrier |
||
| 040 |
_aCO-BoRNBP _bspa _erda _cCO-BoRNBP |
||
| 999 |
_c8302 _d8302 |
||